书目信息 |
| 题名: |
电机与拖动基础
|
|
| 作者: | 刘启新 主编 ;康宜平 编写 | |
| 分册: | ||
| 出版信息: | 北京 中国电力出版社 2005.06 |
|
| 页数: | 265页 | |
| 开本: | 24cm | |
| 丛书名: | ||
| 单 册: | ||
| 中图分类: | TM3 | |
| 科图分类: | ||
| 主题词: | 电力拖动--dian li tuo dong--高等教育--教材 , 电机--dian ji--高等教育--教材 | |
| 电子资源: | ||
| ISBN: | 7-5083-3369-1 | |
| 000 | 00941nam0 2200253 450 | |
| 001 | 010259823484 | |
| 005 | 20061228161716.29 | |
| 010 | @a7-5083-3369-1@dCNY26.20 | |
| 100 | @a20050902d2005 km y0chiy0120 ea | |
| 101 | 0 | @achi |
| 102 | @aCN@b110000 | |
| 105 | @aa z 000yy | |
| 200 | 1 | @a电机与拖动基础@Adian ji yu tuo dong ji chu@f刘启新主编@Fliu qi xin zhu bian@g康宜平编写@Gkang yi ping bian xie |
| 210 | @a北京@c中国电力出版社@d2005.06 | |
| 215 | @a265页@c图@d24cm | |
| 300 | @a普通高等教育"十五"规划教材 | |
| 330 | @a 本书主要包括电机原理和电力拖动两大部分内容。主要内容包括:直流电机的结构及原理直流电机的电力拖动运行、变压嚣的结构及原理、三相异步电动机的基本原理等。 | |
| 606 | 0 | @a电力拖动@Adian li tuo dong@x高等教育@x教材 |
| 606 | 0 | @a电机@Adian ji@x高等教育@x教材 |
| 690 | @aTM3@v4 | |
| 701 | 0 | @a刘启新@Aliu qi xin@4主编 |
| 702 | 0 | @a康宜平@Akang yi ping@4编写 |
| 801 | 0 | @aCN@c20061228 |
| 905 | @a10447@dTM3@eL667 | |
| 电机与拖动基础/刘启新主编/康宜平编写.-北京:中国电力出版社,2005.06 |
| 265页:图;24cm |
| 普通高等教育"十五"规划教材 |
| ISBN 7-5083-3369-1:CNY26.20 |
| 本书主要包括电机原理和电力拖动两大部分内容。主要内容包括:直流电机的结构及原理直流电机的电力拖动运行、变压嚣的结构及原理、三相异步电动机的基本原理等。 |
| ● |
| 相关链接 |
|
|
|
正题名:电机与拖动基础
索取号:TM3/L667
 
预约/预借
| 序号 | 登录号 | 条形码 | 馆藏地/架位号 | 状态 | 备注 |
| 1 | 577506 | 205775062 | 自科二线404/301自科库 7排4列2层/ [索取号:TM3/L667] | 在馆 | |
| 2 | 577507 | 205775071 | 自科库301/301自科库 10排3列4层/ [索取号:TM3/L667] | 在馆 | |
| 3 | 577508 | 205775080 | 自科二线404/301自科库 7排4列2层/ [索取号:TM3/L667] | 在馆 | |
| 4 | 640906 | 206409064 | 自科库301/301自科库 10排3列4层/ [索取号:TM3/L667] | 在馆 |